Nautical Flags - Statistics

General Stats
  • This quiz has been taken 336 times
  • The average score is 8 of 10
Answer Stats
Picture Answer % Correct
Golf
95%
India
91%
Alpha
88%
Mike
88%
Yankee
88%
Papa
87%
Delta
86%
Kilo
86%
Whiskey
83%
Bravo
82%
Zulu
82%
Echo
81%
Romeo
81%
Charlie
80%
Hotel
80%
Juliet
79%
Oscar
79%
Tango
78%
November
77%
Xray
76%
Sierra
75%
Lima
72%
Quebec
70%
Uniform
67%
Victor
62%
Foxtrott
26%
No matching quizzes found
Score Distribution
Percent of People with Each Score
Percentile by Number Answered
Your Score History
You have not taken this quiz